[Event "GCT Cote d Ivoire Blitz 2019"]
[Site "Abidjan"]
[Date "2019.05.11"]
[Round "4"]
[White "Wei, Yi"]
[Black "Nepomniachtchi, Ian"]
[Result "0-1"]
[WhiteElo "2737"]
[BlackElo "2776"]
[Annotator "TA"]
[PlyCount "80"]
[EventDate "2019.05.05"]
[EventType "tourn"]
[EventCountry "IVO"]
[SourceTitle "playchess.com"]
[Source "ChessBase"]
[SourceQuality "1"]

{[%evp 15,80,31,31,29,52,23,27,20,31,19,28,12,32,28,35,39,47,49,25,12,33,4,9,22,6,-57,12,-8,147,142,143,137,133,125,143,81,70,41,55,-34,75,-3,-2,-21,-13,-34,-23,-66,-70,-107,-106,-212,-215,-248,-231,-414,-439,-455,-444,-456,-447,-472,-424,-446,-339,-821,-812]} 1. e4 e5 2. Nf3 Nc6 3. Bc4 Nf6 4. d3 Be7 5. O-O O-O 6. Re1 d6 7. a4 Be6 8. Nbd2 Qd7 9. h3 {C55: Two Knights: 4 d3, 4 d4 exd4 5 e5 and Max Lange Attack} (9. a5 a6 10. Bb3 Bxb3 11. Nxb3 d5 12. exd5 Qxd5 13. c4 Qd6 14. Be3 Qd7 15. d4 exd4 16. Nfxd4 Bb4 17. Rf1 Rfe8 {1-0 (38) Hector,J (2556)-Grandelius,N (2658) Lund 2018}) 9... Rae8 $146 ({Predecessor:} 9... a6 10. Bxe6 Qxe6 11. Nc4 h6 12. Bd2 Rfe8 13. b4 Bf8 14. b5 Nb8 15. Qc1 Nbd7 16. Qb2 Be7 {0-1 (50) Faber,H (2460)-Leisebein,P (2410) Remote email 2011}) 10. a5 a6 11. c3 {White has an edge.} Bd8 12. b4 Bxc4 13. dxc4 Ne7 14. c5 dxc5 15. Nxe5 Qe6 16. Nd3 cxb4 17. cxb4 Nc6 18. Bb2 Be7 19. Nf4 $36 {[%mdl 2048] Black is under pressure.} Qd7 20. e5 (20. Bc3 $11) 20... Nd5 (20... Bxb4 $15 21. Ne4 Qxd1 22. Nxf6+ gxf6 23. Rexd1 fxe5) 21. Nf3 Rd8 $2 (21... Ncxb4 $11 22. Qd2 Rd8) 22. e6 $16 Qd6 23. exf7+ Rxf7 24. Ne6 Re8 {[#]} 25. Neg5 ({Better is} 25. Qb3 $1) 25... Rff8 26. Re6 Qd8 27. h4 (27. Nxh7 $14 Kxh7 28. Qc2+ Kg8 {[#]} 29. Rh6 $1 {[%mdl 512]}) 27... h6 (27... Nf4 $15 {keeps the upper hand.} 28. Qb3 (28. Qc2 Qd3 $17) 28... Qd5 29. Qxd5 Nxd5) 28. Rxc6 (28. Bxg7 $16 Bxg5 29. Rg6) 28... bxc6 $11 29. Ne6 {[%mdl 64] Double Attack} Qd6 30. Nxf8 Bxf8 31. Qc2 Nxb4 32. Qc4+ Qd5 33. Qg4 (33. Qf1 $17 {was necessary.}) 33... Nd3 $19 34. Rd1 Qb3 35. Rd2 $2 (35. Nd2 Nxf2 36. Nxb3 Nxg4 37. Bd4) 35... Nxb2 36. Qd7 Re7 37. Qxc6 Qc4 38. Qg6 Re6 39. Qf5 Rf6 40. Qh5 $2 {[#]} (40. Qb1 Na4 41. Rd4) 40... Nd3 {Played: Rf6xf3} 0-1

[Event "GCT Cote d Ivoire Blitz 2019"]
[Site "Abidjan"]
[Date "2019.05.11"]
[Round "4"]
[White "Amin, Bassem"]
[Black "Vachier-Lagrave, Maxime"]
[Result "0-1"]
[WhiteElo "2683"]
[BlackElo "2792"]
[Annotator "TA"]
[PlyCount "72"]
[EventDate "2019.05.05"]
[EventType "tourn"]
[EventCountry "IVO"]
[SourceTitle "playchess.com"]
[Source "ChessBase"]
[SourceQuality "1"]

{[%evp 19,72,0,17,-18,16,16,16,16,41,18,27,24,64,69,66,20,37,33,35,25,25,18,13,-80,-79,-58,-85,-79,-74,-178,-164,-210,-195,-220,-224,-213,-179,-172,-176,-265,-272,-269,-254,-266,-258,-248,-260,-932,-452,-1077,-967,-1111,-1066,-1260,-1214]} 1. e4 c5 2. Nf3 d6 3. g3 Nc6 4. Bg2 g6 5. O-O Bg7 6. c3 e5 7. d3 Nge7 8. a3 O-O 9. b4 h6 10. Nbd2 Be6 11. Nb3 {A04: Unusual lines after 1 Nf3 and King's Indian Attack} b6 12. b5 Nb8 13. a4 {The position is equal.} a5 (13... Nd7 14. Nfd2 d5 15. c4 d4 16. f4 Qc7 17. f5 gxf5 18. exf5 Nxf5 19. Bxa8 {1-0 (75) Amin,B (2689)-Nepomniachtchi,I (2729) Riadh 2017}) 14. Bb2 $146 ({Predecessor:} 14. d4 Ra7 15. Be3 f5 16. exf5 Nxf5 17. dxe5 Nxe3 18. fxe3 dxe5 {0-1 (38) Venkatesh,M (2392)-Prathamesh,S (2343) Mumbai 2004}) 14... Nd7 15. d4 Rc8 16. d5 Bg4 17. Nbd2 (17. h3 $5 {[%cal Rh3g4]} Bxf3 18. Qxf3 $14 (18. Bxf3 f5 $11)) 17... f5 18. h3 Bh5 19. Qc2 fxe4 20. Qxe4 {With the idea g4.} g5 21. Nc4 (21. h4 $11 {remains equal.}) 21... Nf6 $17 22. Qc2 Nfxd5 23. Nfd2 {[#]} Nf6 $1 24. Qb3 (24. Qd3 $17) 24... Bf7 25. Rad1 Qc7 26. Rfe1 Rcd8 27. Qc2 Rfe8 28. Qd3 Bg6 29. Qf3 (29. Qf1 $142) 29... e4 $19 30. Nxe4 Nxe4 31. Rxe4 d5 {[%mdl 64] [#] Double Attack} 32. Rxe7 Rxe7 ({Don't do} 32... Qxe7 33. Nxb6 Be4 34. Qe2) 33. Rxd5 $2 (33. Ne3 Be4 34. Qg4) 33... Be4 (33... Re1+ $142 34. Kh2 Rf8 35. Qxf8+ Bxf8) 34. Rxd8+ (34. Qxe4 $142 Rxe4 35. Bxe4) 34... Qxd8 35. Qg4 Bxg2 36. Kxg2 Qd5+ {Accuracy: White = 36%, Black = 58%.} 0-1

[Event "GCT Cote d Ivoire Blitz 2019"]
[Site "Abidjan"]
[Date "2019.05.11"]
[Round "5"]
[White "Vachier-Lagrave, Maxime"]
[Black "Wei, Yi"]
[Result "1-0"]
[WhiteElo "2792"]
[BlackElo "2737"]
[Annotator "TA"]
[PlyCount "125"]
[EventDate "2019.05.05"]
[EventType "tourn"]
[EventCountry "IVO"]
[SourceTitle "playchess.com"]
[Source "ChessBase"]
[SourceQuality "1"]

{[%evp 12,125,0,-4,20,6,31,13,22,-19,-20,-45,-42,-72,-69,-81,-76,-66,-77,-78,-16,-21,-8,-49,-18,-14,-14,-19,-14,-20,-16,-21,-15,-16,-15,-17,0,-4,0,0,0,0,16,17,17,17,33,17,22,8,16,16,14,12,25,29,43,47,79,56,117,75,91,83,119,115,118,106,111,108,105,105,163,164,172,152,222,218,497,496,442,494,469,463,458,444,421,384,350,339,576,571,587,541,1216,1195,1504,1633,1614,1611,1468,1491,1305,1168,1893,1589,1761,1821,1943,1855,1691,1458,5197,5065,4598,4594]} 1. Nf3 d5 2. g3 g6 3. Bg2 Bg7 4. d4 Nf6 5. O-O O-O 6. Nbd2 c5 7. dxc5 a5 {D02: 1 d4 d5 2 Nf3 sidelines, including 2...Nf6 3 g3 and 2...Nf6 3 Bf4} 8. c4 Na6 9. cxd5 Nxc5 $146 {The position is equal.} ({Predecessor:} 9... Qxd5 10. e4 Qxc5 11. Nb3 Qh5 12. e5 Ng4 13. Bf4 a4 14. Na5 Nc5 {1-0 (25) Landa,K (2625)-Dzhangobegov,V (2314) Minsk 2015}) 10. d6 Qxd6 11. Nc4 Qa6 12. Nce5 Bf5 13. Be3 Rfd8 14. Qc1 Ne6 15. Qc4 Qxc4 (15... Qd6 $17) 16. Nxc4 $11 Nd5 17. Rad1 Nxe3 18. Nxe3 Be4 19. b3 a4 20. Rxd8+ Nxd8 21. Nd2 Bxg2 22. Kxg2 Nc6 23. Rc1 Nd4 24. Kf1 Nb5 25. bxa4 Nc3 26. Nb1 Nxa4 27. Rc7 e6 28. Rxb7 Nc5 29. Rb5 Ne4 30. a3 Bf8 31. f3 Nd6 32. Rb3 Kg7 33. Nc3 Ra5 34. a4 Nf5 35. Nxf5+ (35. Nc2 {with more complications.} Ne7 36. Nb4 Nf5 37. Nd3 Ra7 38. Kf2) 35... exf5 $16 {[%mdl 4096] Endgame KRB-KRN} ({Black should play} 35... gxf5 $14 36. Rb5 Ra6) 36. Ke1 Be7 {[#]} 37. Kd2 $1 Bf6 38. Ra3 Be7 39. Ra2 Kf6 40. Kd3 Ke6 41. Nb5 Kd5 (41... Kd7 $16 42. Kc4 Kc6) 42. Rc2 $18 Bf6 43. Rc4 Be5 (43... Ke6 $16 44. Kc2 Bd8) 44. f4 Bf6 $2 {[#]} (44... Ba1 45. e3 Bh8) 45. Nc7+ Kd6 46. Ne8+ Ke7 47. Nxf6 Kxf6 {KR-KR} 48. Kc3 Ra8 49. Kb4 Rb8+ 50. Ka3 Ke6 $2 (50... Ra8 {was called for.} 51. Rc6+ Ke7 52. Rc7+ Kf6) 51. Rd4 {White is clearly winning.} Ra8 52. e3 h6 53. Kb4 Rb8+ 54. Kc5 Rc8+ 55. Kb6 Rb8+ 56. Kc6 Rc8+ 57. Kb7 Rc3 58. a5 {[%cal Ba4a5,Ba5a6,Ba6a7][%mdl 32]} Rb3+ 59. Kc6 Rc3+ 60. Kb5 Rb3+ 61. Rb4 Rxe3 62. a6 Kd7 63. a7 {Accuracy: White = 76%, Black = 37%.} 1-0

[Event "GCT Cote d Ivoire Blitz 2019"]
[Site "Abidjan"]
[Date "2019.05.11"]
[Round "5"]
[White "Ding, Liren"]
[Black "Amin, Bassem"]
[Result "1-0"]
[WhiteElo "2786"]
[BlackElo "2683"]
[Annotator "TA"]
[PlyCount "69"]
[EventDate "2019.05.05"]
[EventType "tourn"]
[EventCountry "IVO"]
[SourceTitle "playchess.com"]
[Source "ChessBase"]
[SourceQuality "1"]

{[%evp 18,69,40,35,46,38,56,41,72,40,58,53,48,48,98,60,71,67,89,75,58,-14,-25,-64,-8,-455,178,225,368,383,376,383,381,379,385,384,387,384,416,364,329,286,328,328,324,321,990,986,977,950,29991,29992,29992,29981]} 1. d4 Nf6 2. c4 e6 3. Nf3 Bb4+ 4. Nbd2 b6 5. a3 Bxd2+ 6. Qxd2 Bb7 7. e3 O-O 8. Be2 Ne4 9. Qc2 f5 10. O-O Rf6 {E14: Queen's Indian: Classical Variation (4 e3)} 11. b4 Rh6 12. d5 exd5 {White is slightly better.} 13. Bb2 dxc4 14. Bxc4+ d5 15. Rad1 {[%mdl 1024] [#] White has compensation.} c6 $146 ({Predecessor:} 15... Rd6 16. Ba2 Nc6 17. b5 Ne7 18. Be5 Rg6 19. Bxc7 {½-½ (19) Berczes,D (2430)-Wojtaszek,R (2635) Stockholm 2008}) 16. Bb3 Nd7 17. Nd4 $1 {[%cal Rd4f5]} Qh4 {[%csl Gh6][%cal Rh4h2]} 18. h3 Rf8 19. f3 (19. b5 $1 $14 cxb5 20. Nf3) 19... Ng5 $11 20. Rf2 $1 (20. Nxf5 $2 {[#]} Nxh3+ $1 {[%mdl 512]} 21. gxh3 (21. Kh2 Rxf5 22. Rd4 Nf4+ 23. Kg1 Qg3 24. Rxf4 Rfh5 25. Qxh7+ Rxh7 26. Rf8+ {[%mdl 64] Decoy} Kxf8 27. Bxg7+ Kxg7 28. f4 Rh1#) 21... Rxf5 $1 $19 {[%mdl 512]}) 20... Qg3 ({Stronger than} 20... Nxh3+ 21. gxh3 f4 22. Nxc6 $16) ({Better is} 20... Rg6 $15 21. Kf1 Kh8) 21. Kh1 $2 {[%mdl 8192]} (21. Kf1 $11 {and White has nothing to worry.}) 21... Bc8 $4 {[%mdl 8192]} (21... Ne5 $19 {and all is fine. aiming for ...Nd3!} 22. Bc1 Ba6) 22. Nxc6 $18 {[%mdl 64] Remove Defender} Rxc6 (22... Kh8 $142) 23. Bxd5+ {[%mdl 64] Double Attack} ({Weaker is} 23. Qxc6 Qxf2 24. Bxd5+ (24. Qxd5+ Kh8 $11) 24... Kh8 $16) 23... Re6 24. f4 Nf6 25. Bxf6 $1 {[%mdl 64] Pin} Ne4 26. Rf3 Qg6 27. Be5 {Black must now prevent g4.} Kh8 28. Bxe6 Bxe6 29. Kh2 h5 30. Rd4 {And now Rxe4! would win.} Rc8 31. Qd1 {Strongly threatening Rxe4!} Kh7 $2 {[#]} (31... h4 32. Rd8+ Kh7 33. Rxc8 Bxc8) 32. Rxe4 $1 fxe4 33. Rg3 Qe8 34. Rxg7+ {[%mdl 64] Double Attack} Kh6 35. g4 {Accuracy: White = 63%, Black = 49%.} 1-0

[Event "GCT Cote d Ivoire Blitz 2019"]
[Site "Abidjan"]
[Date "2019.05.11"]
[Round "5"]
[White "Nepomniachtchi, Ian"]
[Black "So, Wesley"]
[Result "1/2-1/2"]
[WhiteElo "2776"]
[BlackElo "2772"]
[Annotator "TA"]
[PlyCount "148"]
[EventDate "2019.05.05"]
[EventType "tourn"]
[EventCountry "IVO"]
[SourceTitle "playchess.com"]
[Source "ChessBase"]
[SourceQuality "1"]

{[%evp 12,148,21,16,33,28,40,44,32,44,35,18,29,29,26,31,29,20,21,17,35,18,46,25,41,52,44,40,56,47,50,62,61,47,52,55,60,32,45,37,50,22,104,104,100,102,108,122,118,107,98,91,108,83,77,88,72,21,24,18,23,29,84,87,185,187,176,189,195,145,162,157,147,113,103,90,79,74,212,122,144,131,140,124,122,24,233,52,216,120,131,-29999,890,892,995,999,1723,1698,4137,3853,5181,616,833,502,1282,1244,1122,954,830,745,653,550,300,83,29978,412,374,8,8,8,8,8,8,8,8,8,8,8,8,8,49,8,8,8,8,8,8,8,8]} 1. e4 e5 2. Nf3 Nc6 3. Bb5 Nf6 4. O-O Nxe4 5. Re1 Nd6 6. Nxe5 Be7 7. Bf1 Nf5 {C67: Ruy Lopez: Berlin Defence: 4 0-0 Nxe4} 8. Nf3 O-O 9. d4 d5 {White is slightly better.} 10. c3 Bd6 11. b3 Re8 12. Na3 $146 ({Predecessor:} 12. Rxe8+ Qxe8 13. Na3 a6 14. Nc2 Bd7 15. c4 dxc4 16. bxc4 {1-0 (56) Karjakin,S (2773)-Nakamura,H (2792) Saint Louis 2017}) 12... a6 13. Nc2 Rxe1 14. Qxe1 Nce7 15. c4 b6 16. Qc3 Ng6 17. Bg5 Be7 18. Bxe7 Nfxe7 19. Ne3 dxc4 20. bxc4 Bb7 {next ...Bxf3 is good for Black.} 21. d5 Qd7 22. Rd1 Re8 23. g3 Bc8 24. h4 Qd6 25. Re1 Nf8 26. Ng5 Qf6 (26... h6 $11 {remains equal.} 27. Ne4 Qd8) 27. Qxf6 $16 gxf6 28. Ne4 Kg7 29. d6 cxd6 30. Nxd6 Rd8 31. Rd1 Ne6 32. Ndf5+ Nxf5 33. Nxf5+ Kf8 34. Rb1 (34. Rxd8+ $16 Nxd8 35. Ne3) 34... Nc5 $11 35. Ne3 Rd6 36. Nd5 b5 (36... Na4 $11) 37. Ne3 $1 $16 Bd7 (37... bxc4 $16 {was worth a try.} 38. Rb8 (38. Bxc4 Be6 $14) (38. Nxc4 Rd8 $14) 38... Rc6) 38. cxb5 $18 axb5 39. Bxb5 Be6 40. a4 Rd2 41. Ra1 Nb3 42. Rd1 Ra2 43. Rd3 Nc5 44. Rd4 Ke7 {[#]} (44... Kg7 $16) 45. Rf4 (45. Nd5+ $1 $18 Bxd5 46. Rxd5) 45... h6 46. Kg2 Ra3 47. Ng4 Bd5+ 48. Kf1 (48. f3 $16) 48... Ne4 $2 (48... Bf3 $11 {and Black is okay.} 49. Kg1 Ra1+ 50. Bf1 Bxg4 51. Rxg4 Rxa4 52. Rxa4 Nxa4) 49. Ne3 $2 (49. Nxh6 $18 Nd6 50. Ng8+ {[%mdl 64] Double Attack} Kf8 51. Nxf6) 49... Ra1+ $2 (49... Nxg3+ $1 $14 50. Ke1 Ra1+ 51. Kd2 Ne4+ 52. Kd3 Nc5+ 53. Kc3 Be6) 50. Ke2 ({Better is} 50. Kg2 $18 Bb7 51. Nf5+ Kf8 52. Kf3 (52. Nxh6 Ng5+ 53. f3 Ra2+ 54. Kf1 Nxf3 $16)) 50... Ra2+ $16 51. Kd3 $2 {[%mdl 8192]} (51. Kd1 $16 Nc3+ 52. Ke1) 51... Nc5+ $4 {[%mdl 8192]} (51... Rd2# {avoids the disaster.}) 52. Kd4 $18 {[%mdl 64] Double Attack} Ne6+ 53. Kxd5 Nxf4+ 54. gxf4 Rxf2 55. a5 Kd8 56. Ke4 (56. Kc6 $142 Ra2 57. a6) 56... Kc7 57. Nf5 h5 (57... Ra2 $142 58. Nxh6 Rxa5) 58. Bc4 Rb2 59. Bxf7 Rb4+ 60. Kf3 Rb5 61. Ne3 Rxa5 62. f5 $2 (62. Ke4 $18) 62... Kd6 $2 {[%mdl 8192]} (62... Ra4 $16) 63. Bxh5 (63. Nc4+ $142 Ke7 64. Nxa5 Kd6 65. Bxh5 Ke7 66. Bg6 Kd6 67. h5 Kc7 68. h6) 63... Ra3 {[#]} 64. Kf2 $2 (64. Bg6 $1 $18) 64... Ra2+ $1 $11 65. Be2 {h5 is the strong threat.} Ke5 66. h5 {Threatens to win with h6.} Kf4 67. h6 {aiming for h7.} Ra8 68. Nd5+ Kg5 69. Nc7 Rh8 70. Bd3 Rxh6 71. Ne6+ (71. Kg3 $5 {[%cal Rc7e6]} Rh1 72. Ne6+ Kh5 73. Be2+ Kh6 74. Kf4 $16) 71... Kg4 {The position is equal.} 72. Ke3 Rh3+ 73. Ke4 Rxd3 74. Kxd3 {Intending Ke4 and mate.} Kxf5 {Accuracy: White = 39%, Black = 39%.} 1/2-1/2

[Event "GCT Cote d Ivoire Blitz 2019"]
[Site "Abidjan"]
[Date "2019.05.11"]
[Round "5"]
[White "Karjakin, Sergey"]
[Black "Carlsen, Magnus"]
[Result "0-1"]
[WhiteElo "2773"]
[BlackElo "2867"]
[Annotator "TA"]
[PlyCount "132"]
[EventDate "2019.05.05"]
[EventType "tourn"]
[EventCountry "IVO"]
[SourceTitle "playchess.com"]
[Source "ChessBase"]
[SourceQuality "1"]

{[%evp 15,132,12,20,-4,0,0,-4,-4,-4,-17,-4,-4,0,-4,-4,-14,-12,-2,-9,-12,-4,-10,0,0,-3,-25,-14,-34,0,0,0,0,0,0,0,0,0,0,0,0,0,0,0,0,0,0,0,0,0,-20,0,-15,-15,-15,-15,-17,0,0,0,0,0,0,443,446,877,87,89,29,18,0,0,0,0,0,0,-615,-496,-589,-575,-858,-887,-525,-137,-415,-409,-558,-554,-668,-668,-502,-385,-29963,-29966,-2221,-488,-29969,-29970,-29968,-29971,-29970,-29971,-29972,-29973,-29974,-29975,-29975,-29976,-29976,-29975,-29975,-29975,-29975,-29975,-29975,-29976,-29976,-29976,-29973,-12368]} 1. e4 c5 2. Nf3 Nc6 3. c3 Nf6 4. e5 Nd5 5. d4 cxd4 6. cxd4 d6 7. Bc4 Nb6 8. Bb5 Bd7 9. exd6 {B22: Sicilian: 2 c3} e6 10. Bg5 f6 11. Bh4 {The position is equal.} (11. Be3 Bxd6 12. Nc3 Nb4 13. Be2 N4d5 14. O-O O-O 15. Bd3 Rc8 16. Rc1 Be8 17. Nxd5 Nxd5 18. Rxc8 Qxc8 {0-1 (26) Potkin,V (2597)-Nepomniachtchi,I (2763) Moscow 2018}) 11... Bxd6 12. Nc3 Nb4 13. O-O O-O 14. Qb3 Re8 15. Bg3 $146 ({Predecessor:} 15. Rfe1 Bxb5 16. Nxb5 {½-½ (16) Zaitsev,M (2453)-Nijboer,F (2641) Germany 2007}) 15... Bxb5 16. Nxb5 Bxg3 17. Qxb4 Nd5 18. Qb3 Bc7 19. Nc3 Bb6 20. Rfe1 Rc8 21. g3 Nxc3 22. Rxe6 Rxe6 23. Qxe6+ Kf8 $1 24. bxc3 Rxc3 25. Kg2 Qe8 26. Qf5 {Re1 is the strong threat.} Qg6 27. Qd5 {aiming for Qd6+.} Qf7 28. Qf5 g6 29. Qf4 Kg7 30. Re1 Rc7 31. a4 Qd5 32. Re4 Rf7 33. h4 Bc7 34. Qe3 Bd6 35. Re8 a6 36. Kg1 b5 37. axb5 axb5 38. Rd8 Qc6 $2 {[%mdl 8192] [#]} (38... Rf8 $1 $11 {and Black has nothing to worry.} 39. Rd7+ Rf7) 39. h5 $1 $18 {[%csl Ge3][%cal Rh5h6][%mdl 512]} Bf8 (39... Re7 $142 40. h6+ Kf7 41. Qb3+ Qc4 42. Qxc4+ bxc4 43. Rxd6 Rc7) (39... gxh5 40. Ng5) 40. h6+ $2 (40. d5 $1 $18 {is the precise move to win.} Qc7 41. Nd4) 40... Kg8 $16 41. Nd2 (41. d5 $16 Qc7 42. Qe8) 41... b4 $1 $11 42. Nb3 {Threatens to win with Nc5.} Qc7 $1 {[%cal Rc7d8]} 43. Ra8 {Hoping for Nc5.} Re7 $36 {[%mdl 2048] Black has some pressure.} 44. Qf3 Qb7 $1 {[%cal Rb7f3]} 45. Rxf8+ $2 {[%mdl 8192]} (45. Kg2 $11 {and White stays safe.}) 45... Kxf8 $19 46. Qxf6+ $11 {[%mdl 4096] Endgame KQR-KQN} Kg8 {( -> ...Re1+)} 47. Kh2 {and the idea Nc5 leaves White hopeful.} Rf7 48. Qe6 Qd7 $2 (48... Qf3 $19 49. Qc8+ Rf8 50. Qc4+ Kh8) 49. Qc4 $2 {[%mdl 8192] [#]} (49. Qe1 $17) 49... Qf5 $1 $19 50. f4 g5 51. Qxb4 {Now Qb8+ and White clings on.} gxf4 52. Qb8+ Rf8 53. Qc7 $2 {[#]} (53. Qe5 $19 fxg3+ 54. Qxg3+ Kf7 55. Nc1) 53... Qh5+ $1 54. Kg1 Qxh6 (54... Qd1+ $142 55. Kh2 Qe2+ 56. Kh1 Qf1+ 57. Kh2 Qf2+ 58. Kh1 Qf1+ 59. Kh2 Qe2+ 60. Kh1 Qe1+ 61. Kh2 Qxg3+ 62. Kh1 Qh3+ 63. Kg1 Qxh6) 55. gxf4 (55. Qc4+ $19 Rf7 56. Qc8+ Kg7 57. Qg4+ Qg6 58. Qxg6+ Kxg6 59. Kg2) 55... Qxf4 {Black mates.} 56. Qxf4 Rxf4 {KR-KN} 57. Kg2 h5 58. Kg3 Rg4+ 59. Kf3 Kf7 60. d5 Kf6 61. Nc5 Rd4 62. d6 Rd5 63. d7 Ke7 64. Ne4 Rxd7 65. Ng3 Rd5 66. Kf4 Kf6 {Accuracy: White = 43%, Black = 62%.} 0-1

[Event "GCT Cote d Ivoire Blitz 2019"]
[Site "Abidjan"]
[Date "2019.05.11"]
[Round "5"]
[White "Topalov, Veselin"]
[Black "Nakamura, Hikaru"]
[Result "1/2-1/2"]
[WhiteElo "2736"]
[BlackElo "2805"]
[Annotator "RC"]
[PlyCount "111"]
[EventDate "2019.05.05"]
[EventType "tourn"]
[EventCountry "IVO"]
[SourceTitle "playchess.com"]
[Source "ChessBase"]
[SourceQuality "1"]
[TimeMode "Bronstein"]
[TimeControl "300+3"]

1. c4 {[%emt 0:00:00]} e5 {[%emt 0:00:00]} 2. d3 {[%emt 0:00:00]} Nc6 {[%emt 0:00:00]} 3. a3 {[%emt 0:00:00]} Nf6 {[%emt 0:00:05]} 4. Nf3 {[%emt 0:00:00]} d5 {[%emt 0:00:06]} 5. cxd5 {[%emt 0:00:00]} Nxd5 {[%emt 0:00:03]} 6. e4 {[%emt 0:00:00]} Nf6 {[%emt 0:00:07]} 7. Be2 {[%emt 0:00:00]} a5 {[%emt 0:00:05]} 8. O-O {[%emt 0:00:00]} Bc5 {[%emt 0:00:03]} 9. Be3 {[%emt 0:00:00]} Bb6 {[%emt 0:00:06]} 10. Nbd2 {[%emt 0:00:08]} Bxe3 {[%emt 0:00:19]} 11. fxe3 {[%emt 0:00:03]} Ng4 {[%emt 0:00:03]} 12. Nc4 {[%emt 0:00:03]} b5 {[%emt 0:00:03]} 13. h3 {[%emt 0:00:08]} bxc4 {[%emt 0:00:05]} 14. hxg4 {[%emt 0:00:03]} Bxg4 {[%emt 0:00:14]} 15. Qa4 {[%emt 0:00:04]} Bd7 {[%emt 0:00:28]} 16. Qxc4 {[%emt 0:00:03]} O-O {[%emt 0:00:03]} 17. Qc5 {[%emt 0:00:15]} Re8 {[%emt 0:00:10]} 18. Rac1 {[%emt 0:00:23]} a4 {[%emt 0:00:08]} 19. Bd1 {[%emt 0:00:20]} Re6 {[%emt 0:00:36]} 20. Rf2 {[%emt 0:00:17]} h6 {[%emt 0:00:21]} 21. b4 {[%emt 0:00:03]} Qe8 {[%emt 0:00:21]} 22. Nh4 {[%emt 0:00:57]} Rd6 {[%emt 0:00:03]} 23. Qc3 {[%emt 0:00:16]} Na7 {[%emt 0:00:03]} 24. Be2 {[%emt 0:00:09]} Nb5 25. Qb2 g6 {[%emt 0:00:27]} 26. Rc5 {[%emt 0:00:05]} Qe7 {[%emt 0:00:03]} 27. Nf3 {[%emt 0:00:06]} f6 {[%emt 0:00:20]} 28. d4 {[%emt 0:00:03]} exd4 {[%emt 0:00:10]} 29. Bxb5 {[%emt 0:00:27]} Bxb5 {[%emt 0:00:03]} 30. Rxb5 {[%emt 0:00:03]} dxe3 {[%emt 0:00:03]} 31. Re2 {[%emt 0:00:07]} Qxe4 {[%emt 0:00:04]} 32. Qc1 {[%emt 0:00:12]} Qd3 {[%emt 0:00:16]} 33. Rb7 {[%emt 0:00:29]} Qd1+ {[%emt 0:00:03]} 34. Qxd1 {[%emt 0:00:03]} Rxd1+ {[%emt 0:00:03]} 35. Kh2 Rd3 {[%emt 0:00:03]} 36. Rxc7 {[%emt 0:00:12]} Rxa3 {[%emt 0:00:03]} 37. b5 {[%emt 0:00:05]} Rb8 {[%emt 0:00:15]} 38. Nd4 {[%emt 0:00:03]} Rd3 {[%emt 0:00:03]} 39. Rc4 {[%emt 0:00:24]} a3 {[%emt 0:00:03]} 40. Ra4 {[%emt 0:00:05]} Rd8 {[%emt 0:00:29]} 41. Ne6 {[%emt 0:00:14]} R8d6 {[%emt 0:00:14]} 42. Nc5 {[%emt 0:00:03]} R3d5 {[%emt 0:00:05]} 43. Ne4 {[%emt 0:00:03]} Re6 {[%emt 0:00:03]} 44. Nc3 {[%emt 0:00:03]} Rc5 {[%emt 0:00:07]} 45. Rxa3 {[%emt 0:00:03]} f5 {[%emt 0:00:03]} 46. Rb3 {[%emt 0:00:03]} f4 {[%emt 0:00:04]} 47. b6 {[%emt 0:00:03]} Re8 {[%emt 0:00:04]} 48. b7 {[%emt 0:00:03]} Rb8 {[%emt 0:00:03]} 49. Ne4 {[%emt 0:00:08]} Rc7 {[%emt 0:00:05]} 50. Nd6 {[%emt 0:00:03]} Rc6 {[%emt 0:00:03]} 51. Rd3 {[%emt 0:00:03]} Kf8 {[%emt 0:00:05]} 52. g3 {[%emt 0:00:17]} g5 {[%emt 0:00:07]} 53. gxf4 {[%emt 0:00:06]} gxf4 {[%emt 0:00:03]} 54. Kg2 {[%emt 0:00:03]} Ke7 {[%emt 0:00:03]} 55. Ne4 {[%emt 0:00:04]} Rxb7 {[%emt 0:00:03]} 56. Kf3 {[%emt 0:00:03]} 1/2-1/2

[Event "GCT Cote d Ivoire Blitz 2019"]
[Site "Abidjan"]
[Date "2019.05.11"]
[Round "6"]
[White "Carlsen, Magnus"]
[Black "Nepomniachtchi, Ian"]
[Result "1/2-1/2"]
[WhiteElo "2867"]
[BlackElo "2776"]
[Annotator "TA"]
[PlyCount "105"]
[EventDate "2019.05.05"]
[EventType "tourn"]
[EventCountry "IVO"]
[SourceTitle "playchess.com"]
[Source "ChessBase"]
[SourceQuality "1"]

{[%evp 13,105,6,0,-8,0,0,42,26,29,29,49,54,64,70,127,130,108,111,144,140,137,141,174,81,116,76,91,91,81,43,50,57,59,59,59,59,59,59,59,58,79,74,64,55,60,2,0,8,7,0,58,0,0,0,0,0,0,0,0,0,0,0,0,0,0,-1,-1,-1,-1,-4,-4,-8,-2,-5,0,0,0,0,0,0,0,0,0,0,0,0,0,0,0,0,0,0,0,-29988]} 1. c4 e5 2. Nc3 Nf6 3. Nf3 Nc6 4. e4 Bc5 5. Nxe5 Nxe5 6. d4 Bb4 7. dxe5 Nxe4 $1 8. Qf3 {A28: English Opening: Four Knights Variation} Nxc3 9. bxc3 Be7 10. Qg3 {White is slightly better.} g6 11. Bh6 d6 12. Be2 Be6 13. Rd1 $36 {[%mdl 2048] White fights for an advantage.} Qd7 (13... Bf8 $1 $14 14. Bxf8 Kxf8) 14. exd6 $16 cxd6 15. O-O O-O-O {[#]} 16. Be3 $146 Qa4 17. Rb1 d5 18. Qf3 (18. c5 $18 {and White stays clearly on top.}) 18... Qc6 19. Bxa7 {Qe3 is the strong threat.} dxc4 20. Qe3 Rhe8 21. Rb6 Qd7 $1 22. Bf3 Bd5 {[#] And now ...Bd6 would win.} 23. Qe5 $1 {[%csl Ga7][%cal Re5b8]} Qc7 24. Qxc7+ Kxc7 25. Bxd5 Rxd5 26. Rfb1 Ra8 27. Rxb7+ Kd8 28. g3 (28. Bd4 {is more complex.} Rxa2 29. Rb8+ Kd7 30. g3 Bc5 31. R1b7+) 28... Rd7 29. Rxd7+ (29. Rb8+ $14 Rxb8 30. Rxb8+ (30. Bxb8 f6 $11) 30... Kc7 31. Re8) 29... Kxd7 $14 {[%mdl 4096] Endgame KRB-KRB} 30. Rb7+ Ke6 31. a4 Bd8 (31... h5 $11) 32. Kg2 ({Better is} 32. Bb6 $1 $14) 32... h5 {The position is equal.} 33. Kf3 Bf6 34. Rb6+ Kf5 35. Rb7 Ke6 36. a5 {[%cal Ba4a5,Ba5a6][%mdl 32]} Bxc3 37. a6 Ba5 38. Ke2 c3 {[#] White must now prevent ...Rxa7!} 39. Kd3 Rd8+ 40. Kc2 Rd6 41. Rb3 (41. Bd4 {feels hotter.} Rxa6 42. Rb5 f6 43. Kd3 Bc7 44. Bxc3 g5 45. Bb2) 41... Rxa6 42. Bd4 Rd6 43. Bxc3 Rc6 44. Kd3 Bxc3 (44... Rb6 {is interesting.} 45. Ra3 Bxc3 46. Rxc3 Kf5 47. Rc4 g5) 45. Rxc3 Rxc3+ 46. Kxc3 $11 {K3P-K3P} Kf5 47. f3 g5 48. Kd4 Ke6 49. Ke4 f6 50. h4 f5+ 51. Ke3 f4+ 52. gxf4 gxh4 53. Ke4 $2 {[%mdl 40960] Accuracy: White = 60%, Black = 53%. . An unexpected result.} (53. Kf2 $11) 1/2-1/2